000 00272nam a2200121 i 4500
001 bg
245 0 _aOchrona prawna oprogramowania komputerów.
260 _aWarszawa,
_c1976.
040 _cBPK
041 _apol
942 _cKS
008 s pl f |000 0 pol
999 _c9653
_d9653
856 _uhttp://koha.tu.koszalin.pl/cgi-bin/koha/opac-detail.pl?biblionumber=9653
_yKatalog online BPK